Informe al Parlament : 1990 / Síndic de Greuges de Catalunya 1990 / Síndic de Greuges de Catalunya
Descripción Física:
417 p. ; 23 cm
Materias:
Catalunya. Síndic de Greuges -- Memòries
MARC
| LEADER | 00000nam a2200000Ia 4500 | ||
|---|---|---|---|
| 001 | 9526 | ||
| 008 | 160829s1991 xx 000 0 cat d | ||
| 080 | |a M-3-71 | ||
| 110 | |a Catalunya. |b Síndic de Greuges |9 7881 | ||
| 245 | |a Informe al Parlament : |b 1990 / Síndic de Greuges de Catalunya | ||
| 260 | |a Barcelona : |b [s.n.], |c 1991 | ||
| 300 | |a 417 p. ; |c 23 cm | ||
| 590 | |a El Síndic de Greuges és: Frederic Rahola i d'Espona | ||
| 650 | |a Catalunya. Síndic de Greuges |x Memòries |9 20838 | ||
| 901 | |a Arxiu | ||
| 942 | |n 1 | ||
| 952 | |0 0 |1 0 |4 0 |6 M371 |7 1 |9 41706 |a Arxiu |b Arxiu |d 2016-12-01 |l 0 |o M-3-71 |p 9526 |r 2016-12-01 00:00:00 |w 2016-12-01 |y ARXIU | ||
| 999 | |c 43596 |d 43596 | ||